|
|
|
|
| LEADER |
01174nam a2200277Ia 4500 |
| 001 |
EBC3377876 |
| 003 |
MiAaPQ |
| 005 |
20200520144314.0 |
| 006 |
m o d | |
| 007 |
cr cn||||||||| |
| 008 |
040927s2004 dcu s 000 0 eng d |
| 035 |
|
|
|a (MiAaPQ)EBC3377876
|
| 035 |
|
|
|a (Au-PeEL)EBL3377876
|
| 035 |
|
|
|a (CaPaEBR)ebr10075710
|
| 035 |
|
|
|a (OCoLC)923273841
|
| 040 |
|
|
|a MiAaPQ
|c MiAaPQ
|d MiAaPQ
|
| 050 |
|
4 |
|a HF801
|b .R43 2004
|
| 245 |
0 |
0 |
|a Redesigning the U.S. naturalization tests
|h [electronic resource] :
|b interim report /
|c Committee on the U.S. Naturalization Test Redesign, Board on Testing and Assessment, Center for Education, Division of Behavioral and Social Sciences and Education.
|
| 260 |
|
|
|a Washington, DC :
|b National Academies Press,
|c c2004.
|
| 300 |
|
|
|a x, 31 p.
|
| 533 |
|
|
|a Electronic reproduction. Ann Arbor, MI : ProQuest, 2015. Available via World Wide Web. Access may be limited to ProQuest affiliated libraries.
|
| 650 |
|
0 |
|a Citizenship.
|
| 650 |
|
0 |
|a Naturalization.
|
| 655 |
|
4 |
|a Electronic books.
|
| 710 |
2 |
|
|a ProQuest (Firm)
|
| 856 |
4 |
0 |
|u https://ebookcentral.proquest.com/lib/matrademy/detail.action?docID=3377876
|z Click to View
|